PSYCHIATRIC NURSING COMTEMPORARY PRACTICE (Record no. 216134)

MARC details
000 -LEADER
fixed length control field 00555nam a22001937a 4500
008 - FIXED-LENGTH DATA ELEMENTS--GENERAL INFORMATION
fixed length control field 251007b |||||||| |||| 00| 0 eng d
020 ## - INTERNATIONAL STANDARD BOOK NUMBER
International Standard Book Number 0-7817-4916-6
050 ## - LIBRARY OF CONGRESS CALL NUMBER
Classification number RC440.B749 .2005
Item number C.2
100 ## - MAIN ENTRY--PERSONAL NAME
Personal name BOYD,ANN MARRY
245 ## - TITLE STATEMENT
Title PSYCHIATRIC NURSING COMTEMPORARY PRACTICE
250 ## - EDITION STATEMENT
Edition statement 3RD EDITION
260 ## - PUBLICATION, DISTRIBUTION, ETC.
Place of publication, distribution, etc. Philadelphia
Name of publisher, distributor, etc. Lippincott Williams & Wilkins
Date of publication, distribution, etc. 2005
300 ## - PHYSICAL DESCRIPTION
Extent 950
500 ## - GENERAL NOTE
General note INCUDES APPENDIX,GLOSSARY AND INDEX
650 ## - SUBJECT ADDED ENTRY
Topical term or geographic name entry element Psychiatric nursinG
700 ## - ADDED ENTRY--PERSONAL NAME
Personal name BOYD,ANN MARRY
942 ## - ADDED ENTRY ELEMENTS (KOHA)
Source of classification or shelving scheme Library of Congress Classification
Koha item type Long Loan Book
Holdings
Withdrawn status Lost status Source of classification or shelving scheme Damaged status Not for loan Collection Home library Current library Shelving location Date acquired Inventory number Total checkouts Barcode Date last seen Copy number Price effective from Koha item type
    Library of Congress Classification     Medicine Kisii University Library Kisii University Library On Display 10/07/2025 85200   044613 10/07/2025 C.2 10/07/2025 Long Loan Book